00550nam a2200133 a 450000100100000000500170001000800410002704000250006811101570009324500710025026000540032130000200037570000210039500002898020200930055244.0110413s1969 dr 000 0 spa d aDO-SdBNPbspacBNPHU2 aSeminario sobre la "plataforma para el desarrollo económico y social de la República Dominicana 1968-1958c(Jarabacoa, República Dominicanad1968)10aViabilidad de su aplicación de la plataforma /cGuillermo Caram. aJarabacoa, República Dominicana :bONAP,c1969. a28 P. ;c26 cm.1 aCaram, Guillermo